| 000 | 00553nam a2200109Ia 4500 | ||
|---|---|---|---|
| 008 | 171212s9999 xx 000 0 und d | ||
| 100 | _aRingel, Jeanne S.;Huang, Christina Y.;Morganti, Kristy Gonzalez | ||
| 245 |
_cRingel, Jeanne S.;Huang, Christina Y.;Morganti, Kristy Gonzalez _aEvaluation of the Council to Improve Foodborne Outbreak Response (CIFOR) Guidelines for Foodborne Disease Outbreak Response and Associated Toolkit |
||
| 260 |
_bRAND Corporation _c2013 |
||
| 650 | _aHealth Sciences | ||
| 856 | _uhttp://www.jstor.org/stable/10.7249/j.ctt5hht47 | ||
| 999 |
_c352045 _d352045 |
||